Femenino fin de siglo: La seducción de la diferencia
Na minha lista:
| Autor principal: | |
|---|---|
| Formato: | Livro |
| Idioma: | Undetermined |
| Publicado em: |
Barcelona, España
Editorial Anthropos
1994
|
| Assuntos: | |
| Tags: |
Adicionar Tag
Sem tags, seja o primeiro a adicionar uma tag!
|
MARC
| LEADER | 00000nam a2200000Ia 4500 | ||
|---|---|---|---|
| 008 | 170316s9999 xx 000 0 und d | ||
| 090 | |a 100 R-26.1f | ||
| 100 | |a Rodríguez Magda, Rosa María | ||
| 245 | |a Femenino fin de siglo: La seducción de la diferencia | ||
| 260 | |a Barcelona, España | ||
| 260 | |b Editorial Anthropos | ||
| 260 | |c 1994 | ||
| 300 | |a 207 páginas | ||
| 650 | |a FILOSOFÍA | ||
| 650 | |a FEMINISMO | ||
| 650 | |a LA MUJER | ||
| 650 | |a AMOR - ENAMORAMIENTO Y SEDUCCIÓN | ||
| 999 | |c 17422 |d 17422 | ||
| 040 | |a cru BVZT | ||
| 942 | |c 15 D |h 100 R-26.1f |2 z | ||
